01005cam a22003614i 4500003000900000005001700009008004100026020001500067035002700082040003300109082002200142100003800164245002500202264005000227300003800277336002100315337002500336338002300361504002800384505010300412526001000515526001000525526001000535526001000545526000800555526000800563526000800571526000800579526000800587526000800595526000800603650003200611PE-LiUPU20250731173536.0150616s r 000 0 d a0801020204 a(Sirsi) i9780801020209 aPE-LiUPUbspacPE-LiUPUerda04a261.8344bW922211 aKostenberger, Andreas J.,eautor.10aWomen in the Church. 1aGrand Rapids, Michigan :bBaker Books,c1995. a334 páginas ;c23 centímetros atext2rdacontent aunmediated2rdamedia avolume2rdacarrier aIncluye bibliografía.0 aA foreign world: Ephesus in the first century.- A certain kind of letter.- A difficult word.- Etc. aSEG42 aSEG41 aSEG40 aSEG39 aP94 aP87 aP86 aP85 aP77 aP76 aP3504aMUJERES EN EL CRISTIANISMO.